| 000 | 00807cam a22002653a 4500 | ||
|---|---|---|---|
| 001 | 9608 | ||
| 003 | PGUSA | ||
| 005 | 20140828083214.0 | ||
| 008 | 060101s2006||||xxu|||||s|||||000 1 eng d | ||
| 040 |
_aPGUSA _beng |
||
| 042 | _adc | ||
| 050 | 4 | _aPS | |
| 100 | 1 |
_aCabell, James Branch, _d1879-1958 |
|
| 245 | 1 | 4 |
_aThe Cords of Vanity : _bA Comedy of Shirking _h[electronic resource] / _cJames Branch Cabell |
| 260 |
_bProject Gutenberg, _c2006 |
||
| 500 | _aIntroduction by Wilson Follett | ||
| 506 | _aPublic domain in the USA. | ||
| 516 | _aElectronic text | ||
| 653 | _aAuthors -- Fiction | ||
| 653 | _aUnited States -- Social life and customs -- Fiction | ||
| 653 | _aMarriage -- Fiction | ||
| 830 | 0 |
_aProject Gutenberg _v9608 |
|
| 856 | 4 | 0 | _uhttp://www.gutenberg.org/ebooks/9608 |
| 942 | _cEB | ||
| 999 |
_c238864 _d238864 |
||